Ako von zo začarovaného kruhu?

Problémy mladých ľudí zapojiť sa do trhu práce. Disparita medzi absolventmi opúšťajúcimi školy a požiadavkami zamestnávateľov. Najťažšie obsaditeľné pozície a pozície na ústupe. Motivácia a talenty.

Gespeichert in:
Bibliographische Detailangaben
1. Verfasser: Halbrštát, Jiří
Format: Buchkapitel
Sprache:Slowakisch
Schlagworte:
Tags: Tag hinzufügen
Keine Tags, Fügen Sie das erste Tag hinzu!

MARC

LEADER 00000naa a2200000 4500
001 0196567
005 20231011123610.0
041 0 |a slo 
044 |a SK 
245 1 0 |a Ako von zo začarovaného kruhu?  |c Jiří Halbrštát 
520 |a Problémy mladých ľudí zapojiť sa do trhu práce. Disparita medzi absolventmi opúšťajúcimi školy a požiadavkami zamestnávateľov. Najťažšie obsaditeľné pozície a pozície na ústupe. Motivácia a talenty. 
610 2 0 |a zamestnanosť 
610 2 0 |a absolventi 
610 2 0 |a zamestnateľnosť 
610 2 0 |a ponuka práce 
610 2 0 |a miesta pracovné voľné 
610 2 0 |a pracovníci mladí 
610 2 0 |a škola a prax 
100 1 |a Halbrštát, Jiří